1216 1486 1622 1965 1318 1723 1755 1580 1112 1313 1327 1256 1103 1078 1458 1006 1806 1740 2000 1591 1472 1866 1491 1228 1458 1683 1888 1746 1829 1563 1823 1961 1061 1055 1404 1378 1961 1103 1690 1054 1874 1933 1677 1753 1502 1792 1884 1953 1452 1005 1655 1733 1628 1066 1168 1465 1860 1803 1076 1041 1871 1904 1584 1700 1865 1893 1088 1135 1462 1033 1323 1672 1896 1718 1030 1550 1592 1656 1309 1212 1060 1694 1731 1865 1030 1824 1395 1536 1971 1262 1013 1903 1265 1782 1914 1749 1099 1122 1272 BCNSPRNW ULIB Ver.6.0+V

เปลี่ยนเป็นภาษาไทย

Change to English
 แสดงรายละเอียดบรรณานุกรม
  กลับหน้าหลัก

Brief Record : Get Marc (ISO 2709) : E-mail record : QR code < ปิดหน้าต่าง
LEADER : 00000nam 2200000uu 4500
001    13399112009
003     ULIB
008    110721s2553||||th 000 0 tha d
024    97897467249821(ล.1)
060 04 WY159^bม513ก 2553 ล.1
245 00 การพยาบาลเด็ก เล่มที่ 1^nPediatric nursing /^cบรรณาธิการ มาลี เอื้ออำนวย,สุธิศา ล่ามช้าง, จรัสศรี เย็นบุตร
250    พิมพ์ครั้งที่ 2
260    เชียงใหม่ :^bคณะพยาบาลศาสตร์ มหาวิทยาลัยเชียงใหม่,^c2553
300     195 หน้า. ;^c26 ซม.
650  7 การพยาบาลกุมารเวชศาสตร์
650  7 เด็ก^xการดูแล
650  7 เด็ก^xโรค
700 0  มาลี เอื้อำนวย,^eบรรณาธิการ
700 0  สุธิศา ล่ามช้าง,^eบรรณาธิการ
700 0  จรัสศรี เย็นบุตร,^eบรรณาธิการ
945    ^p250^l0^i030342
945    ^p250^l0^i030343
945    ^p250^l0^i030344
945    ^p250^l0^i030345
945    ^p250^l0^i030346
945    ^p250^l0^i030347
995     เกษร
999    ^aใช้งานได้ทุกระบบ
รายการนี้ยังไม่มีแท็ก
คุณยังไม่ได้ล็อกอิน คุณสามารถมีกิจกรรมร่วมกับเว็บไซต์ได้ แต่ต้องล็อกอินก่อน ::
  ล็อกอิน

รายการสื่อสารสนเทศ

ลำดับที่ ประเภท เลขเรียก/บาร์โค้ด สถานที่ สถานะ
1. วิทยาศาสตร์การแพทย์ และสุขภาพ
วิทยาศาสตร์การแพทย์ และสุขภาพ
WY159 ม513ก 2553 ล.1 ฉ.1 
  Barcode: 030342
ห้องสมุดวิทยาเขตสวรรค์ประชารักษ์
►ส่วนจัดเก็บหนังสือเก่า สปร
บนชั้น
  ขอยืม
2. วิทยาศาสตร์การแพทย์ และสุขภาพ
วิทยาศาสตร์การแพทย์ และสุขภาพ
WY159 ม513ก 2553 ล.1 ฉ.2 
  Barcode: 030343
ห้องสมุดวิทยาเขตสวรรค์ประชารักษ์
►ส่วนจัดเก็บหนังสือเก่า สปร
บนชั้น
  ขอยืม
3. วิทยาศาสตร์การแพทย์ และสุขภาพ
วิทยาศาสตร์การแพทย์ และสุขภาพ
WY159 ม513ก 2553 ล.1 ฉ.3 
  Barcode: 030344
ห้องสมุดวิทยาเขตสวรรค์ประชารักษ์
►ส่วนจัดเก็บหนังสือเก่า สปร
บนชั้น
  ขอยืม
4. วิทยาศาสตร์การแพทย์ และสุขภาพ
วิทยาศาสตร์การแพทย์ และสุขภาพ
WY159 ม513ก 2553 ล.1 ฉ.4 
  Barcode: 030345
ห้องสมุดวิทยาเขตสวรรค์ประชารักษ์
►ส่วนจัดเก็บหนังสือเก่า สปร
บนชั้น
  ขอยืม
5. วิทยาศาสตร์การแพทย์ และสุขภาพ
วิทยาศาสตร์การแพทย์ และสุขภาพ
WY159 ม513ก 2553 ล.1 ฉ.5 
  Barcode: 030346
ห้องสมุดวิทยาเขตสวรรค์ประชารักษ์
►ส่วนจัดเก็บหนังสือเก่า สปร
บนชั้น
  ขอยืม
6. วิทยาศาสตร์การแพทย์ และสุขภาพ
วิทยาศาสตร์การแพทย์ และสุขภาพ
WY159 ม513ก 2553 ล.1 ฉ.6 
  Barcode: 030347
ห้องสมุดวิทยาเขตสวรรค์ประชารักษ์
►ส่วนจัดเก็บหนังสือเก่า สปร
บนชั้น
  ขอยืม

รายการใกล้เคียง
    หัวเรื่อง [การพยาบาลกุมารเวชศาสตร์]
    หัวเรื่อง [เด็ก การดูแล]

BibComment


ยังไม่เคยถูกคอมเมนท์

คอมเมนท์ทรัพยากรรายการนี้
  คอมเมนท์: การพยาบาลเด็ก เล..


 Copyright 2026. Bcnsprnw @Library